Strange Essay Questions Quiz Stats

 Plays Quiz Updated Aug 31, 2017

Challenge
Share
Tweet
Embed
Score 0/22 Timer 08:00
1 Play Today
% Correct
#YOLO mean to you?
78.1%
In the 140-character limit of a tweet.
76.6%
Explain one of yours and what it says about you.
73.8%
The most embarrassing moment of your life.
72.9%
Nerdy side.
70.4%
What year would you travel to and why?
70.3%
Briefly summarize the story line.
69.7%
Bazinga moment.
66.1%
How will you spend it?
64%
Sets your heart on fire?
63.8%
Get us hooked in the first 150 words.
62.6%
% Correct
Prove it.
58.4%
Please submit page 217.
58.2%
Possible answers involve, but are not limited to, statistics, chemistry, physics, linguistics, and philosophy.
56.1%
What would be your greatest problems? Opportunities?
54.4%
What you would do.
53%
Top ten list.
51.6%
How would you answer it?
48.7%
Please tell us your favorite childhood book and why.
48.4%
Really?
45.6%
Explore what it wants.
37.3%
Take a risk.
23.5%

You're not logged in!

Compare scores with friends on all Sporcle quizzes.
Join for Free
OR
Log In

You Might Also Like...

Show Comments

Extras

Top Quizzes Today


Score Distribution

Your Account Isn't Verified!

In order to create a playlist on Sporcle, you need to verify the email address you used during registration. Go to your Sporcle Settings to finish the process.

Report this User

Report this user for behavior that violates our Community Guidelines.

Details: